000 00596nam a22002177a 4500
001 00028878
005 20260424120316.0
008 260424b ag ||||| |||| 00| 0 spa d
020 _a8475536585
040 _aAR-CcCEOS
_bspa
_cAR-CcCEOS
041 _aspa
080 _a94:7(5/6)
090 _bROB v.1
100 1 _aRobinson, Francis
_91116
245 _aEl mundo islámico :
_bEl esplendor de una fe /
_cFrancis Robinson
264 _aBarcelona :
_bFolio,
_c1994.
300 _a129 p. ;
_c24x18 cm.
490 _vAtlas culturales del mundo
655 0 _aarte
_9138
942 _2udc
_cBK
_n0
999 _c28920
_d28920